Corporate Finance : (Record no. 88044)

MARC details
000 -LEADER
fixed length control field 00448nam a2200157Ia 4500
005 - DATE AND TIME OF LATEST TRANSACTION
control field 20140909143941.0
010 ## - LCCN (DPL NO)
LC control number BAC-EN21
020 ## - INTERNATIONAL STANDARD BOOK NUMBER
International Standard Book Number 9788126511150
Terms of availability 699.00
037 ## - SOURCE OF ACQUISITION
Source of stock number/acquisition Asian Book Centre/Ven
100 ## - MAIN ENTRY--PERSONAL NAME
Personal name Damodaran, Aswath
245 ## - TITLE STATEMENT
Title Corporate Finance :
Remainder of title theory & practice /
Statement of responsibility, etc by Aswath Damodaran
260 ## - PUBLICATION, DISTRIBUTION, ETC. (IMPRINT)
Date of publication, distribution, etc 2011
Place of publication, distribution, etc New Delhi
Name of publisher, distributor, etc Wiley India
300 ## - PHYSICAL DESCRIPTION
Dimensions 23cm(pbk)
Extent 982p.:
Other physical details ill.
942 ## - ADDED ENTRY ELEMENTS (KOHA)
Item type English Books
Source of classification or shelving scheme Dewey Decimal Classification

No items available.


© Delhi Public Library
Hit Counter
free hit counter